EÚ smeruje k jednotnej azylovej politike
Slovensko bude podľa prieskumu v blízkom čase cieľom politických a ekonomických utečencov. Priznané postavenie utečenca. Jednotná politika v oblasti prisťahovalectva v Európskej únii. Migračný potenciál SR. Európske trendy migračnej politiky.
Gespeichert in:
| 1. Verfasser: | |
|---|---|
| Format: | Buchkapitel |
| Sprache: | Slowakisch |
| Schlagworte: | |
| Tags: |
Keine Tags, Fügen Sie das erste Tag hinzu!
|
MARC
| LEADER | 00000naa$a2200000$$$4500 | ||
|---|---|---|---|
| 001 | 0001420 | ||
| 005 | 20230925123534.2 | ||
| 041 | 0 | |a slo | |
| 044 | |a SK | ||
| 245 | 1 | 0 | |a EÚ smeruje k jednotnej azylovej politike |c aut. Matúš Zubo |
| 520 | |a Slovensko bude podľa prieskumu v blízkom čase cieľom politických a ekonomických utečencov. Priznané postavenie utečenca. Jednotná politika v oblasti prisťahovalectva v Európskej únii. Migračný potenciál SR. Európske trendy migračnej politiky. | ||
| 610 | 2 | 0 | |a politika azylová |
| 610 | 2 | 0 | |a Európska únia |
| 610 | 2 | 0 | |a migrácia |
| 610 | 2 | 0 | |a Slovensko |
| 100 | 1 | |a Zubo, Matúš | |